000 00304nam a22001457a 4500
008 230522b ||||| |||| 00| 0 eng d
020 _a9782889081844
041 _aFRA
080 _a82
082 _a82LEO
100 _a38
101 _aGJL
245 _aLA VIE EST BELLE
_cLEON CH
942 _2udc
_cBK
999 _c59781
_d59781